| 000 | 00863cam a2200229 a 4500 | ||
|---|---|---|---|
| 999 |
_c7593 _d7593 |
||
| 003 | OSt | ||
| 005 | 20200316163021.0 | ||
| 008 | 120716s2012 ctua 001 0 eng | ||
| 020 | _a9781600854835 | ||
| 040 |
_aDNAL/DLC _cDNAL _dDLC |
||
| 082 | 0 | 0 |
_a690.184 _223 |
| 100 | 1 | _aWhite, Lee Anne. | |
| 245 | 1 | 0 |
_aPatio & walkway ideas that work / _cLee Anne White. |
| 246 | 3 | _aPatio and walkway ideas that work | |
| 260 |
_aNewtown, CT : _bTaunton Press, _cc2012. |
||
| 300 |
_a203 p. : _bcol. ill. ; _c27 cm. |
||
| 500 | _aIncludes index. | ||
| 505 | 0 | _aDesign for the way you live -- Designing patios and terraces Patios for every purpose -- Walls and shade structures -- Paths and steps -- Outdoor cooking and dining -- Enhancing your outdoor space. | |
| 650 | 0 |
_aPatios _xDesign and construction. |
|
| 650 | 0 |
_aCourtyards _xDesign and construction. |
|
| 942 | _2ddc | ||